Hauptstädte der Provinzen und Territorien Kanadas - Statistiken

Allgemein
  • Dieses Quiz wurde 83 mal gespielt
  • Das Durchschnittsergebnis liegt bei 7 aus 13
Antwortstatistiken
Provinz / Territorium Hauptstadt % Korrekt
Québec Québec
83%
Ontario Toronto
83%
Alberta Edmonton
70%
Nova Scotia Halifax
61%
British Columbia Victoria
61%
Manitoba Winnipeg
57%
Saskatchewan Regina
54%
Neufundland und Labrador St. John’s
54%
Nordwest-Territorien Yellowknife
54%
Yukon Whitehorse
46%
Nunavut Iqaluit
37%
Prince Edward Island Charlottetown
33%
New Brunswick Fredericton
28%
Keine übereinstimmenden Quizze gefunden
Verteilung der Resultate
Anzahl Personen mit jedem Resultat
Perzentil nach korrekt beantworteten Fragen
Ihre Resultats-Entwicklung
Sie haben dieses Quiz noch nicht gespielt